Faculty of Law Library — Cairo University

Official Online Catalog

مسؤولية الفرد الجنائية عن الجريمة الدولية / (Record no. 49884)

MARC details
000 -LEADER
fixed length control field 01132nam a2200301 i 4500
003 - CONTROL NUMBER IDENTIFIER
control field EG-GICUC
005 - DATE AND TIME OF LATEST TRANSACTION
control field 20260121101453.0
008 - FIXED-LENGTH DATA ELEMENTS--GENERAL INFORMATION
fixed length control field 251211s2002 ua ||||fr|||| 00| 0 ara d
040 ## - CATALOGING SOURCE
Original cataloging agency EG-GICUC
Language of cataloging ara
Transcribing agency EG-GICUC
Modifying agency EG-GICUC
Description conventions rda
041 0# - LANGUAGE CODE
Language code of text/sound track or separate title ara
082 04 - DEWEY DECIMAL CLASSIFICATION NUMBER
Edition number 21
Classification number 343.522
Item number ع ب . م
092 04 - LOCALLY ASSIGNED DEWEY CALL NUMBER (OCLC)
Edition number 21
099 ## - LOCAL FREE-TEXT CALL NUMBER (OCLC)
Classification number Law1 10 343.522 ع ب . م 2002
100 0# - MAIN ENTRY--PERSONAL NAME
Personal name عباس هشام السعدى
Relator term مؤلف.
245 10 - TITLE STATEMENT
Title مسؤولية الفرد الجنائية عن الجريمة الدولية /
Statement of responsibility, etc. الدكتور عباس هشام السعدى.
264 #1 - PRODUCTION, PUBLICATION, DISTRIBUTION, MANUFACTURE, AND COPYRIGHT NOTICE
Place of production, publication, distribution, manufacture الإسكندرية
Name of producer, publisher, distributor, manufacturer دار المطبوعات الجامعية،
Date of production, publication, distribution, manufacture, or copyright notice 2002
300 ## - PHYSICAL DESCRIPTION
Extent 330 صفحة ؛
Dimensions 24 سم.
336 ## - CONTENT TYPE
Source rda content
Content type term text
337 ## - MEDIA TYPE
Source rda media
Media type term Computer
338 ## - CARRIER TYPE
Source rda carrier
Carrier type term Online Resource
504 ## - BIBLIOGRAPHY, ETC. NOTE
Bibliography, etc. note . 301 ببليوجرافيا: صفحات
546 ## - LANGUAGE NOTE
Language note النص باللغة العربية
650 14 - SUBJECT ADDED ENTRY--TOPICAL TERM
Topical term or geographic name entry element أركان الجريمة الدولية
650 14 - SUBJECT ADDED ENTRY--TOPICAL TERM
Topical term or geographic name entry element القانون الجنائي
856 40 - ELECTRONIC LOCATION AND ACCESS
Uniform Resource Identifier <a href="https://fll.law.cu.edu.eg/fulltext/bks/B10-06625.pdf">https://fll.law.cu.edu.eg/fulltext/bks/B10-06625.pdf</a>
905 ## - Cataloger and Reviser Names
Cataloger Name: Roqaia Ahmed
Revisor Name: Hassnaa
942 ## - ADDED ENTRY ELEMENTS (KOHA)
Source of classification or shelving scheme Dewey Decimal Classification
Koha item type Books
Edition 21
Suppress in OPAC No
Holdings
Withdrawn status Lost status Source of classification or shelving scheme Damaged status Not for loan Collection Home library Current library Date acquired Total checkouts Full call number Barcode Date last seen Copy number Price effective from Koha item type
    Dewey Decimal Classification   Not for loan القانون الجنائي جــــامعة القــاهرة مكتبة كلية الحقوق - المبنى الرئيسي 11.12.2025   Law1 10 343.522 ع ب . م 2002 1006625 C1 B10-06625 11.12.2025 1 11.12.2025 Books
    Dewey Decimal Classification     القانون الجنائي جــــامعة القــاهرة مكتبة كلية الحقوق - المبنى الرئيسي 11.12.2025   Law1 10 343.522 ع ب . م 2002 1006628 C2 B10-06628 11.12.2025 2 11.12.2025 Books
    Dewey Decimal Classification     القانون الجنائي جــــامعة القــاهرة مكتبة كلية الحقوق - فـرع الشيخ زايد 11.12.2025   Law2 10 343.522 ع ب . م 2002 1006627 C3 B10-06627 11.12.2025 3 11.12.2025 Books

© All rights reserved — Faculty of Law, Cairo University